Ensayo sobre José Luis Cuevas y el dibujo (Record no. 1377)

MARC details
000 -CABECERA
campo de control de longitud fija 00790nam a2200217 a 4500
001 - NÚMERO DE CONTROL
campo de control BRCA_1529
005 - FECHA Y HORA DE LA ÚLTIMA TRANSACCIÓN
campo de control 20190320203449.0
008 - DATOS DE LONGITUD FIJA--INFORMACIÓN GENERAL
campo de control de longitud fija 900521s1988 mx-a---##b---f001-0#spa-#
020 ## - NÚMERO INTERNACIONAL ESTÁNDAR DEL LIBRO
Número Internacional Estándar del Libro 9688378542
040 ## - FUENTE DE LA CATALOGACIÓN
Centro catalogador/agencia de origen DLC
Centro/agencia transcriptor DLC
050 #4 - SIGNATURA TOPOGRÁFICA DE LA BIBLIOTECA DEL CONGRESO
Número de clasificación ND259.C9
Número de documento/Ítem .R63 1988
100 1# - ENTRADA PRINCIPAL--NOMBRE DE PERSONA
Nombre de persona Rodríguez Prampolini, Ida
9 (RLIN) 4944
245 10 - MENCIÓN DE TÍTULO
Título Ensayo sobre José Luis Cuevas y el dibujo
Mención de responsabilidad, etc. Ida Rodríguez Prampolini.
260 ## - PUBLICACIÓN, DISTRIBUCIÓN, ETC.
Lugar de publicación, distribución, etc. México
Nombre del editor, distribuidor, etc. UNAM, Instituto de Investigaciones Estéticas
Fecha de publicación, distribución, etc. 1988
300 ## - DESCRIPCIÓN FÍSICA
Extensión 140 p.
Otras características físicas il.
Dimensiones 28 cm.
Material acompañante/anejo [44] p. de láminas
500 ## - NOTA GENERAL
Nota general Incluye índice onomástico, cronología y listado de láminas
504 ## - NOTA DE BIBLIOGRAFÍA, ETC.
Nota de bibliografía, etc. Bibliografía: p. 120-125
600 14 - PUNTO DE ACCESO ADICIONAL DE MATERIA--NOMBRE DE PERSONA
Nombre de persona Cuevas, José Luis
Fechas asociadas al nombre 1934-
Subdivisión general Crítica e interpretación
9 (RLIN) 4945
650 14 - PUNTO DE ACCESO ADICIONAL DE MATERIA--TÉRMINO DE MATERIA
Término de materia o nombre geográfico como elemento de entrada Arte mexicano
Subdivisión general Pintores
Subdivisión geográfica México
9 (RLIN) 4946
942 ## - ELEMENTOS DE PUNTO DE ACCESO ADICIONAL (KOHA)
Fuente del sistema de clasificación o colocación Library of Congress Classification
Tipo de ítem Koha Libros
Holdings
Estado de retiro Estado de pérdida Estado dañado No para préstamo Localización permanente Ubicación/localización actual Fecha de adquisición Total de préstamos Signatura topográfica completa Código de barras Fecha visto por última vez Precio válido a partir de Tipo de ítem Koha
El ejemplar forma parte de la colección y puede ser consultado según las políticas vigentes.       Biblioteca del Museo Franz Mayer (Rogerio Casas-Alatriste) Biblioteca del Museo Franz Mayer (Rogerio Casas-Alatriste) 26/06/2008   ND259.C9 .R63 1988 02086 22/03/2019 22/03/2019 Libros